000 00866nam a2200301 a 4500
001 58761
003 CO-BoRNBP
005 20250827222809.0
007 ta
008 890927s1986 sp r 00010 spa d
020 _a8420439045
040 _ala
_cla
041 1 _aspa
_hger
043 _ae-gx---
082 0 4 _a833.91
_bK67c
_219 ed.
100 1 _aKorschunow, Irina,
_d1925-2013.
_963943
245 1 3 _aEl caso de Cristof /
_cIrina Korschunow ; traducción de Mario García Aldonate.
250 _a1a. edición
300 _a126 p. ;
_c22 cm.
336 _2rdacontent
_atexto
_btxt
337 _2rdamedia
_asin mediación
_bn
338 _2rdacarrier
_avolumen
_bnc
534 _tDie sache mit Christoph.
650 7 _aLiteratura infantil alemana.
_2BLAAUTO
700 1 _aGarcía Aldonate, Mario,
_etr.
_963944
942 _2ddc
_cBK
949 _an
_bn
999 _c58761
_d58761